000 01104nam a22002297a 4500
003 DO-SdBNP
005 20211008130244.0
008 211008b2004 dr a|||| |||| 00| 0 spa d
040 _aDO-SdBNP
_bspa
_cBNPHU
082 4 _bC723J
_222
100 1 _aJarne, Ricardo Ramón,
_d1901-
_980147
245 1 0 _aColson :
_b "la vanguardia trashumante"
_ctextos, Ricardo Ramón Jarne, Laura Gil, Marianne de Tolentino, Chiqui Vicioso.
260 _aSanto Domingo :
_bMuseo Bellapart,
_c2004.
300 _a477 p. :
_bil. ;
_c28 cm.
490 _aMonografías de arte dominicano ;
_v2
500 _aIncluye referencias bibliográficas y notas al pie de las páginas
505 0 _tColson: "la vanguardia trashumante" /
_rRicardo Ramón Jarne --
_tColson: otras visiones /
_rLaura Gil, Marianne de Toloentino, Chiqui Vicioso --
_tEl color en Colson --
_tColson: visto por la crítica (1938-1978) --
_tColson: pensador y crítico --
_tCatalogación completa de obras (1919-1974).
590 _aInventariado, 2021 /LP
830 0 _aMonografías de arte dominicano ;
_n2
_980148
910 _aLopérez
942 _2ddc
_cLBS1
999 _c50722
_d50722